00554nam a22001577a 4500003000400000008004100004020001800045082001800063100001800081245009900099260004700198300001700245650009200262700002300354700001900377OSt260519b |||||||| |||| 00| 0 eng d a9789363461079 a631.584bW17P aWalia , S.S.  aPrinciples and Practices of Natural Farming/bby S.S. Walia , Tamanpreet Kaur and N Ravisankar aJodhpur: bScientific Publishers;c2025. aviii, 218 p. a Agriculture and related technologies | Technology (Applied sciences) | Natural farming aKaur , Tamanpreet  aRavisankar, N